000 00547nam a2200205Ia 4500
001 2263
003 GE_BSU
008 181216s||||||||xx |||||||||||||| ||und||
020 _a9780415241465
040 _cGE_BSU
080 _a551.4
100 _aHuggett,Richard John.
245 _aFundamentals of Geomorphology. Routledge Fundamentals of Physical Geography.
260 _aLondon
260 _c2003
300 _a386c. 24sm.
541 _h200gel.
653 _als of Geomorphology. Routledge Fundamentals of Physical Geography
942 _cBK
999 _c36351
_d36351